00337nam a22001337a 450000500170000002000320001703500120004903700130006110000170007424500470009125000120013826000300015030000230018020120615113740.0 a8186618007cRs.125.00 (pbk) aB-35052 aDPLbENG aPonnaian, M. aCriminology and penology /cby M. Ponnaian a4th ed. aNew DelhibPR Booksc1995 aiv, 348p.c18 cms.